کربِ امروز : (Record no. 106604)

MARC details
000 -LEADER
fixed length control field 00876nam a22002537a 4500
005 - DATE AND TIME OF LATEST TRANSACTION
control field 20170123162314.0
010 ## - LIBRARY OF CONGRESS CONTROL NUMBER
LC control number B-024520
020 ## - INTERNATIONAL STANDARD BOOK NUMBER
Terms of availability 150.00
International Standard Book Number 8185785260
035 ## - SYSTEM CONTROL NUMBER
System control number B-024520
037 ## - SOURCE OF ACQUISITION
Source of stock number/acquisition Cen Lib/Ret
040 ## - CATALOGING SOURCE
Original cataloging agency DPL
Language of cataloging UR
082 ## - DEWEY DECIMAL CLASSIFICATION NUMBER
Classification number 841
Item number ا و م
100 ## - MAIN ENTRY--PERSONAL NAME
Personal name ا و م کرشن راحت
9 (RLIN) 113770
245 ## - TITLE STATEMENT
Title کربِ امروز :
Statement of responsibility, etc ا و م کرشن راحت
Remainder of title غزلیات /
246 ## - VARYING FORM OF TITLE
Title proper/short title Karab-e-amroz : ghazliyat /
Remainder of title by Avam Krishan Rahat
260 ## - PUBLICATION, DISTRIBUTION, ETC. (IMPRINT)
Place of publication, distribution, etc نیی دہلی
Name of publisher, distributor, etc ادارہ فکرے جدید
Date of publication, distribution, etc 2000
270 ## - ADDRESS
City نیی دہلی
Address ٩٢٢، کچہ روہللہ خان، ڈریگن
Postal code 110002
300 ## - PHYSICAL DESCRIPTION
Extent 130p.
Dimensions 21cm(Hb)
650 ## - SUBJECT ADDED ENTRY--TOPICAL TERM
Topical term or geographic name as entry element اردو ادب
9 (RLIN) 113771
650 ## - SUBJECT ADDED ENTRY--TOPICAL TERM
Topical term or geographic name as entry element اردو شیعاری
9 (RLIN) 113772
650 ## - SUBJECT ADDED ENTRY--TOPICAL TERM
Topical term or geographic name as entry element Urdu literature
9 (RLIN) 113773
650 ## - SUBJECT ADDED ENTRY--TOPICAL TERM
Topical term or geographic name as entry element Urdu poetry
9 (RLIN) 113774
942 ## - ADDED ENTRY ELEMENTS (KOHA)
Source of classification or shelving scheme Dewey Decimal Classification
Koha item type Urdu Bks
Classification part 841
Call number suffix ا و م
Holdings
Withdrawn status Lost status Damaged status Not for loan Home library Current library Date acquired Source of acquisition Cost, normal purchase price Total Checkouts Full call number Barcode Date last seen Copy number Cost, replacement price Price effective from Koha item type
        Central Library Central Library 26/12/2015 Cen Lib/Ret 150.00   841 ا و م B-024520 26/12/2015 1 150.00 26/12/2015 Urdu Bks

© Delhi Public Library
Hit Counter
free hit counter